[Event "Dyfed Major"]
[Site "Fishguard"]
[Date "2017.02.26"]
[Round "5"]
[White "Farhaili, Mohammed"]
[Black "Bevan, Paul"]
[Result "0-1"]
[WhiteElo "1275"]
[BlackElo "1251"]
[Annotator "Rudy"]
[PlyCount "94"]
[EventDate "2017.02.24"]
[EventCountry "WLS"]

1. d4 f5 2. c4 Nf6 3. Nc3 e6 (3... g6) 4. Bg5 h6 (4... Be7) 5. Bf4 (5. Bxf6
Qxf6 6. Nf3 {main}) 5... Bb4 6. Qc2 (6. a3 Bxc3+ 7. bxc3 O-O 8. e3 b6 9. Nf3
Bb7 10. Bd3 d6 {Kaniewski-Rozga, POL ch tm U20, Lublin 2007,0-1}) 6... Ne4 7.
a3 Bxc3+ 8. bxc3 d6 9. e3 h5 {ambitious, but weakens K side} (9... O-O) (9...
Nc6) 10. Bd3 (10. f3 Ng5 11. h4 Nf7 12. Bg3 $14) 10... g5 11. Bxe4 (11. f3 $14
gxf4 12. fxe4 fxe3 13. exf5 exf5 14. Ne2 Qh4+ 15. g3 Qg5 16. O-O-O $14 {
Komodo10}) 11... gxf4 (11... fxe4 12. Nh3 gxf4 13. Nxf4 Qg5 14. Qxe4 e5 15. Nd5
Kd8 $17 {Komodo10}) 12. Bf3 fxe3 13. fxe3 Qg5 14. Qe2 $14 (14. Qf2 $16) 14...
c6 (14... e5 $14) 15. Nh3 Qh4+ 16. Nf2 $16 d5 17. c5 (17. cxd5 $1 $18 {because
Bl is far behind in development, Wh should open up the centre, especially
since the Bl K is still there} exd5 18. c4 Be6 19. cxd5 Bxd5 20. Bxd5 cxd5 21.
Qb5+ Nd7 22. Qxd5 $18 {Komodo10}) 17... Na6 (17... b6 18. Rb1 Ba6 19. Qd1 Nd7
$11 {Komodo10}) 18. Kd2 (18. O-O $16) 18... Qg5 19. Nh3 (19. h4 Qh6 20. Nd3 $16
{Komodo10}) 19... Qh4 20. Nf4 $18 Kd7 $2 (20... Rh6 $5) 21. Ng6 Qf6 22. Nxh8
Qxh8 23. Bxh5 $18 Kc7 24. Qf3 (24. g4) 24... Bd7 (24... e5) 25. Qf4+ Kc8 (25...
e5 26. Qxe5+ Qxe5 27. dxe5 Nxc5 28. Raf1 $18 {Komodo10}) 26. Be2 Nc7 27. h4 Ne8
28. Rag1 (28. h5 {passed pawns must be pushed}) 28... Nf6 29. Bf3 b6 30. Rb1 b5
31. Rbg1 (31. a4 a6 32. axb5 axb5 33. Ra1 Kb7 34. h5 $18) 31... Kb7 32. Kc2 Rg8
33. g4 $6 (33. a4 $18) 33... fxg4 34. Bxg4 (34. Be2) 34... e5 (34... Nxg4 $19
35. Rxg4 Qh7+ $1 36. Kd2 e5 $19 {Komodo10}) 35. Qxe5 Qh7+ 36. Kb3 (36. Bf5
Bxf5+ 37. Kb2 Ng4 $17) 36... Nxg4 $19 37. Qf4 Qd3 (37... a5 $19) (37... Rg7 $19
) 38. Rg2 (38. Qf1 Qh7 39. Rg3 Re8 40. Qg1 Qe4 41. Qg2 Qe6 42. Qe2 Nh6 43. Rf1
Nf5 44. Rgf3 Nxh4 45. Rf7 $11 {Komodo10}) 38... Nxe3 $19 (38... Qc4+ 39. Kb2
Ne5 $19 {Komodo10}) 39. Rgh2 a5 40. Rc1 Nd1 41. Qd2 Qc4+ 42. Kc2 Qa4+ (42...
Bf5+ $1 43. Kxd1 Rg1+ 44. Qe1 Qd3+ 45. Rd2 Bg4# {Komodo10}) 43. Kb1 Qb3+ (43...
Bf5+) 44. Ka1 Qxa3+ 45. Kb1 Bf5+ 46. Rc2 Nxc3+ (46... Qb2#) 47. Qxc3 Qxc3 (
47... Rg1+ 48. Qe1 Rxe1#) 0-1

[Event "Dyfed Major"]
[Site "Fishguard"]
[Date "2017.02.26"]
[Round "5"]
[White "Jones, Hefin"]
[Black "O'Rourke, Kevin"]
[Result "0-1"]
[WhiteElo "1269"]
[BlackElo "1107"]
[Annotator "Rudy"]
[PlyCount "70"]
[EventDate "2017.02.24"]
[EventCountry "WLS"]

1. e4 e5 2. c4 Nf6 3. b3 (3. Nc3 {usual}) 3... Bc5 (3... Nxe4 4. Qe2 d5 5. f3
Qh4+ 6. g3 Nxg3 7. Qxe5+ Be7 8. Qxg3 Qd4 9. Nc3 Bh4 {Cirovic-Pfister,IECC
email 2011,0-1}) 4. d3 (4. Nc3) 4... Bd4 $19 5. Qd2 Bxa1 6. Ba3 Bd4 7. Qg5 d6 (
7... Bxf2+) 8. Qxg7 Rg8 9. Qh6 Ng4 (9... Bxf2+) 10. Qxh7 Bxf2+ (10... Rf8 11.
Nh3 Qf6 12. Bc1 Rh8 13. Bg5 Qxf2+ 14. Nxf2 Bxf2+ 15. Kd1 Rxh7 $19 {Komodo10})
11. Ke2 Nf6 (11... Qg5 12. Bc1 Qxc1 13. Qxg8+ Ke7 14. Nf3 Nc6) 12. Qh6 Bc5 (
12... Ng4) 13. Bc1 Bg4+ 14. Ke1 Be6 15. Bg5 Nbd7 (15... Ng4) 16. Nf3 Ke7 17.
Qh4 Rh8 18. Qg3 c6 19. a3 Bxa3 20. Bd2 Bc5 21. b4 Bb6 22. c5 dxc5 23. Nxe5 Bc7
(23... Rg8) 24. Bf4 Rg8 25. Nxc6+ bxc6 26. Bxc7 Rxg3 27. Bxd8+ Rxd8 28. hxg3
cxb4 29. Nd2 Ne5 30. Kf2 Nfg4+ 31. Kg1 Nxd3 32. Nb3 Bxb3 33. Rh4 Be6 34. Be2 b3
(34... Nde5) 35. Bxg4 Bxg4 0-1

[Event "Dyfed Major"]
[Site "Fishguard"]
[Date "2017.02.26"]
[Round "5"]
[White "Scott, Paul"]
[Black "White, Sam"]
[Result "1-0"]
[WhiteElo "1553"]
[BlackElo "1411"]
[Annotator "Rudy"]
[PlyCount "35"]
[EventDate "2017.02.24"]
[EventCountry "WLS"]

1. Nf3 d5 2. c4 Bf5 3. e3 (3. cxd5 Qxd5 4. Nc3 {main}) 3... Nf6 4. Qb3 (4. Nc3)
(4. d4) 4... Bc8 (4... b6 5. Nc3 e6 6. Nd4 (6. g3 c5 7. Bg2 Nc6 8. O-O Bd3 9.
Qa4 Qd7 10. cxd5 exd5 11. Re1 Be7 $15) 6... Be4 7. f3 dxc4 8. Qa4+ c6 9. fxe4
b5 10. Ndxb5 (10. Qc2 $18) 10... cxb5 11. Qxb5+ Nbd7 12. Bxc4 Qc7 13. d4 Rb8
14. Qa4 Rb4 15. Qd1 Qxc4 $19 {Duluc-Burdet, FRA ch tm , Loire 2003,0-1}) 5. Nc3
(5. cxd5 Nxd5 6. d4 Nc6 7. e4 Nb6 8. d5 Nb8 9. Nc3 e6 {Doughty-Laureles, LSS
email, 2008,0-1}) 5... e6 6. d4 c6 (6... Be7 {also played}) 7. Ne5 (7. Bd3 {
main}) 7... Nbd7 8. cxd5 (8. f4 Ne4 9. Nxe4 dxe4 10. Bd2 f6 11. Nxd7 Qxd7 12.
Qc2 f5 {Cafolla-Doyle,Gatwick e2e4, 2011,0-1}) 8... exd5 9. f4 Qb6 10. Nxd7
Qxb3 $2 (10... Bxd7 $15) 11. Nxf6+ $18 gxf6 12. axb3 Bf5 13. Kd2 (13. Bd2)
13... Be4 14. Nxe4 dxe4 15. Kc2 f5 16. Bd2 h5 17. g3 (17. Ra5) 17... h4 18. Bh3
1-0

[Event "Dyfed Major"]
[Site "Fishguard"]
[Date "2017.02.26"]
[Round "5"]
[White "Williams, Allan"]
[Black "Neave, Guto"]
[Result "0-1"]
[WhiteElo "1200"]
[BlackElo "1515"]
[Annotator "Rudy"]
[PlyCount "60"]
[EventDate "2017.02.24"]
[EventCountry "WLS"]

1. d4 d5 2. e3 e6 3. c4 Nf6 4. Bd3 c5 5. Ne2 (5. Nf3 {more active; main}) 5...
Nc6 6. dxc5 (6. O-O {this position was reached in Williams- Farhaili, Rd2, 1-0
but with Wh to move, as Bl had spent 2 moves getting his c pawn to c5.}) (6.
Nbc3 {back to major lines}) 6... Bxc5 7. cxd5 Nxd5 8. O-O b6 9. Bb5 (9. Nbc3)
9... Bb7 $15 10. a3 O-O 11. b4 Bd6 12. Bb2 Qc7 (12... a5 $15 {Komodo10}) 13. h3
(13. Ng3) 13... a6 14. Bxc6 (14. Ba4) 14... Qxc6 15. Nd4 Qd7 16. Qg4 Nf6 $17
17. Qh4 Be5 (17... Be7 18. Qg3 a5 $17 {Komodo10}) 18. f4 (18. Qg5 $1 Qd5 19.
Nxe6 fxe6 (19... Qxg2+ 20. Qxg2 Bxg2 21. Bxe5 Bxf1 22. Nxf8 Bxh3 23. Bxf6 gxf6
24. Kh2 Bc8 25. Nxh7 Kxh7 26. Nc3 $11 {Komodo10}) 20. Bxe5 h6 21. Qg3 Nh5 22.
Qh2 Rf5 23. Bc7 (23. Bb2 Rg5 $19 24. f3 Ng3) 23... Rg5 24. g4 $11 {Komodo10})
18... Qd5 (18... Bd6 19. Nd2 Be7 $15) 19. Rf2 Bc7 20. Nc3 Qd7 21. Nf3 Rfe8 (
21... Rfd8 $15) 22. Ne2 (22. Rd2 Qe7 23. Rc1 $11 {Komodo10}) 22... Ne4 23. Qg4
(23. Ng5 Nxg5 24. Qxg5 f5 25. Ng3 Bd8 26. Qh5 $11 {Komodo10}) 23... f6 $19 (
23... f5 24. Qh4 Bd8 25. Qh5 Nxf2 26. Kxf2 Rc8 $19 {Komodo10}) 24. Rff1 Qf7 (
24... Qd3 25. Rfe1 Qxe3+ 26. Kh2 Rac8 $19 {Komodo10}) 25. Ng3 f5 26. Qh4 Bd8
$19 27. Ng5 Nxg5 (27... Qg6 $1) 28. fxg5 Qg6 (28... h6 $1 $19) 29. Ne2 Bxg5 30.
Qf2 (30. Qg3 Rac8 $19) 30... Bxe3 $1 0-1